000 00298nam a22001337a 4500
008 170601b xxu||||| |||| 00| 0 eng d
020 _a9780321276643
041 _aeng
080 _a94
100 _a17
101 _aSHH
245 _aINTERNATIONAL RELATIONS
_cGOLDSTEIN.J.S
942 _2udc
_cBK
999 _c15263
_d15263